Formes de pays - Choix Multiple - Statistiques

Statistiques générales
  • Ce quiz a été pris 226 fois
  • Le résultat moyen est 13 sur 15
Statistiques - réponses
Question Réponse % Correct
Somalie
100%
Jamaïque
100%
Nouvelle-Zélande
100%
États-Unis
100%
Thaïlande
92%
Irlande
92%
Colombie
92%
Guinée équatoriale
92%
Botswana
92%
Irak
83%
Vatican
75%
Corée du Nord
75%
Burkina Faso
75%
Samoa
50%
Comores
42%
Aucun quiz correspondant
Distribution des résultats
% des personnes avec chaque résultat
Percentile par nombre de réponses
Votre historique - résultats
Vous n’avez pas pris ce quiz